000 00506nam a2200181 i 4500
001 2-00312271
003 PPAK
005 20180728113253.0
008 110921s my a|||| ||||| | may d
040 _aPPAK
_beng
_cPPAK
_erda
245 0 0 _aNona ( Januari - Dis 2006 )
_bCitarasa wanita masakini
264 1 _aKuala Lumpur:
_bKarangkraf Publication,
336 _2rdacontent
_atext
337 _2rdamedia
_aunmediated
338 _2rdacarrier
_avolume
650 1 0 _aWomen - Periodicals
942 _ddc
_cSR
999 _c168642
_d168642